000 00686nam a2200241Ia 4500
003 OSt
005 20220927105016.0
006 a|||||r|||| 00| 0
007 ta
008 220926b |||||||| |||| 00| 0 eng d
024 _a159606
037 _cReference Collections
040 _aRTL
_cRTL
_beng
041 _2eng
_aeng
082 _a"X9(JB)m1 N45,N47, L1"
110 _a"UN, FOOD AND AGRICULTURE ORGANIZATION"
245 0 _aYearbook of forest products
260 _aRome
_bFAO
_c1973
300 _a225p
_ccm.
700 _a"UN, FOOD AND AGRICULTURE ORGANIZATION"
942 _h"X9(JB)m1 N45,N47, L1"
_cCC
999 _c690183
_d690183